[Event "L.Rudenko Memorial 2011"]
[Site "St. Petersburg"]
[Date "2011.08.23"]
[Round "1"]
[White "Romanko, Marina"]
[Black "Azimova, Karina"]
[Result "1-0"]
[WhiteElo "2402"]
[BlackElo "2067"]
[PlyCount "77"]
[EventDate "2011.08.23"]

1. d4 Nf6 2. c4 d6 3. Nf3 g6 4. g3 Bg7 5. Bg2 O-O 6. O-O Nc6 7. Nc3 a6 8. d5
Na5 9. Nd2 c5 10. Qc2 Rb8 11. b3 b5 12. Bb2 e5 13. dxe6 Bxe6 14. cxb5 axb5 15.
Nce4 Ne8 16. Bxg7 Nxg7 17. e3 c4 18. bxc4 Nxc4 19. Nxc4 bxc4 20. Rfd1 Ne8 21.
a4 Qa5 22. Nc3 Nc7 23. Rxd6 Rb3 24. Ne2 Qe5 25. Rd4 Na6 26. Nf4 Nb4 27. Qe4
Qxe4 28. Bxe4 c3 29. Nxe6 fxe6 30. Rc4 Rd8 31. a5 Rd6 32. Kg2 Kg7 33. Kf3 e5
34. Rc7+ Kh6 35. g4 Nd5 36. Bxd5 Rxd5 37. a6 Rd8 38. a7 Ra8 39. h4 1-0

[Event "L.Rudenko Memorial 2011"]
[Site "St. Petersburg"]
[Date "2011.08.23"]
[Round "1"]
[White "Kostrikina, Anna"]
[Black "Galojan Lilit, Lilit"]
[Result "1-0"]
[WhiteElo "2079"]
[BlackElo "2389"]
[PlyCount "53"]
[EventDate "2011.08.23"]

1. e4 e5 2. Nf3 Nc6 3. Nc3 Nf6 4. d4 exd4 5. Nxd4 Bb4 6. Nxc6 bxc6 7. Bd3 d5 8.
exd5 cxd5 9. O-O O-O 10. Bg5 c6 11. Qf3 Be7 12. h3 h6 13. Bh4 Be6 14. Rfe1 Rb8
15. Rab1 Rb4 16. Bg3 Bd6 17. a3 Rb7 18. Bh4 Re8 19. Ne2 Be5 20. b3 Qa5 21. a4
Ne4 22. Qh5 Bb8 23. Bxe4 g6 24. Bxg6 Rb4 25. Bf6 Qc7 26. Qxh6 fxg6 27. Qh8+ 1-0

[Event "L.Rudenko Memorial 2011"]
[Site "St. Petersburg"]
[Date "2011.08.23"]
[Round "1"]
[White "Molchanova, Tatjana"]
[Black "Markelova, Lubov"]
[Result "1-0"]
[WhiteElo "2346"]
[BlackElo "2074"]
[PlyCount "59"]
[EventDate "2011.08.23"]

1. e4 c5 2. Nf3 a6 3. g3 e6 4. Bg2 Qc7 5. O-O d6 6. c3 Nf6 7. Re1 Be7 8. d3 O-O
9. Nbd2 Nc6 10. Nf1 Rb8 11. a3 b5 12. Bg5 h6 13. Bd2 c4 14. Qe2 Na5 15. Rad1
Bb7 16. Nd4 Nd7 17. dxc4 bxc4 18. Ne3 Ne5 19. Rf1 Ba8 20. f4 Nd3 21. b4 Nc6 22.
Nxc4 Nxd4 23. Qxd3 Nb5 24. a4 Nxc3 25. Qxc3 Rfc8 26. Rc1 d5 27. Ne5 Qa7+ 28.
Qe3 d4 29. Qd3 Rxc1 30. Rxc1 1-0

[Event "L.Rudenko Memorial 2011"]
[Site "St. Petersburg"]
[Date "2011.08.23"]
[Round "1"]
[White "Styazhkina, Anna"]
[Black "Tomilova, Elena"]
[Result "1-0"]
[WhiteElo "2039"]
[BlackElo "2317"]
[PlyCount "81"]
[EventDate "2011.08.23"]

1. e4 c5 2. Nc3 Nc6 3. g3 e6 4. Bg2 Nf6 5. f4 d5 6. e5 d4 7. Ne4 Nxe4 8. Bxe4
Qc7 9. Nf3 b6 10. O-O Bb7 11. d3 Be7 12. Qe2 g6 13. a3 h5 14. Bd2 Kf8 15. Rae1
Kg7 16. Qg2 b5 17. h3 Rag8 18. Ng5 c4 19. Qf2 Nd8 20. Kh2 Qd7 21. Bxb7 Nxb7 22.
Ne4 cxd3 23. cxd3 Nc5 24. Nf6 Bxf6 25. exf6+ Kxf6 26. Qe2 Na6 27. Qe5+ Ke7 28.
f5 gxf5 29. Rxf5 h4 30. g4 Qc7 31. Bb4+ Ke8 32. Bd6 Qc2+ 33. Kg1 Qd2 34. Re2
Qxd3 35. Rxf7 Qg3+ 36. Qxg3 hxg3 37. Rxa7 Rxh3 38. Rxe6+ Kd8 39. Be7+ Kc8 40.
Rc6+ Kb8 41. Rd7 1-0

[Event "L.Rudenko Memorial 2011"]
[Site "St. Petersburg"]
[Date "2011.08.23"]
[Round "1"]
[White "Severiukhina, Zoja"]
[Black "Kostitsina, Liubov"]
[Result "1-0"]
[WhiteElo "2270"]
[BlackElo "2017"]
[PlyCount "61"]
[EventDate "2011.08.23"]

1. e4 e5 2. Nf3 Nc6 3. Bb5 a6 4. Ba4 Nf6 5. O-O Be7 6. Re1 b5 7. Bb3 O-O 8. a4
Bb7 9. d3 d6 10. Nc3 b4 11. Ne2 Na5 12. Ba2 c5 13. Ng3 Bc8 14. c3 Rb8 15. Bd2
Nc6 16. a5 Bd7 17. Bc4 Nxa5 18. cxb4 cxb4 19. Bxa6 Be6 20. d4 Nb3 21. d5 Bxd5
22. exd5 Nxa1 23. Bc4 Ra8 24. Bxb4 Qb6 25. Ba3 Ng4 26. Rf1 Rfc8 27. Nd2 Bg5 28.
Qxg4 Bxd2 29. Nf5 g6 30. Ne7+ Kg7 31. Nxc8 1-0

[Event "L.Rudenko Memorial 2011"]
[Site "St. Petersburg"]
[Date "2011.08.23"]
[Round "1"]
[White "Grebennikova, Tatyana"]
[Black "Zakurdjaeva, Irina"]
[Result "1-0"]
[WhiteElo "2009"]
[BlackElo "2268"]
[PlyCount "75"]
[EventDate "2011.08.23"]

1. c4 e6 2. Nf3 Nf6 3. g3 d5 4. b3 Be7 5. Bb2 O-O 6. Bg2 c5 7. O-O Nc6 8. d3 d4
9. e3 e5 10. exd4 exd4 11. Na3 a5 12. Nc2 a4 13. Re1 Re8 14. Qd2 Bg4 15. Ne5
Nxe5 16. Rxe5 Qc7 17. Rae1 axb3 18. axb3 Ra2 19. Qc1 Be6 20. b4 Nd7 21. R5e2
Bf6 22. Qb1 Rxb2 23. Qxb2 b5 24. cxb5 c4 25. Qa3 cxd3 26. Qxd3 Ne5 27. Rxe5
Bxe5 28. Bc6 Rd8 29. Rd1 Bf6 30. Qe4 Qd6 31. Ne1 Qxb4 32. Nd3 Qb3 33. Re1 Qc2
34. Rc1 Qd2 35. b6 g6 36. Qf3 Bf5 37. Rd1 Qc2 38. g4 1-0

[Event "L.Rudenko Memorial 2011"]
[Site "St. Petersburg"]
[Date "2011.08.23"]
[Round "1"]
[White "Stjazhkina, Olga"]
[Black "Manina, Ksenia"]
[Result "1-0"]
[WhiteElo "2247"]
[BlackElo "2003"]
[PlyCount "91"]
[EventDate "2011.08.23"]

1. e4 c5 2. Nc3 e6 3. g3 Nc6 4. Bg2 g6 5. f4 d6 6. d3 Bg7 7. Nf3 Nge7 8. O-O
O-O 9. Be3 Nd4 10. e5 Nd5 11. Nxd5 Nxf3+ 12. Qxf3 exd5 13. Qxd5 dxe5 14. fxe5
Qxd5 15. Bxd5 Be6 16. Bxe6 fxe6 17. Rxf8+ Rxf8 18. Re1 b6 19. Bd2 Rd8 20. Bc3
Rd5 21. a4 a6 22. Kf2 Kf7 23. Kf3 Ke7 24. Ke4 Rd8 25. Rf1 b5 26. axb5 axb5 27.
b4 cxb4 28. Bxb4+ Ke8 29. Ra1 Rc8 30. c3 Bf8 31. Ra6 Bxb4 32. cxb4 Kd7 33. Rd6+
Ke7 34. Rb6 Rc2 35. Rb7+ Kd8 36. Rxh7 Rb2 37. Kd4 Rxb4+ 38. Kc5 Rb1 39. Rb7 Rh1
40. Kd6 Kc8 41. Rxb5 Rxh2 42. Rc5+ Kd8 43. Ra5 Kc8 44. Kxe6 Rg2 45. d4 Rxg3 46.
d5 1-0

[Event "L.Rudenko Memorial 2011"]
[Site "St. Petersburg"]
[Date "2011.08.23"]
[Round "1"]
[White "Trapeznikova, Darya"]
[Black "Eidelson, Rakhil"]
[Result "1-0"]
[WhiteElo "1979"]
[BlackElo "2242"]
[PlyCount "87"]
[EventDate "2011.08.23"]

1. Nf3 Nf6 2. c4 g6 3. Nc3 Bg7 4. e4 d6 5. d4 O-O 6. Be2 c5 7. O-O cxd4 8. Nxd4
Nc6 9. Be3 Nxd4 10. Bxd4 Be6 11. Rc1 Qa5 12. f3 Rfc8 13. b3 Bh6 14. Rc2 Nh5 15.
Nd5 Qd8 16. g3 Bh3 17. Re1 e6 18. Nc3 Qg5 19. Bf2 Rd8 20. Bf1 Bxf1 21. Kxf1 Qa5
22. Be3 Bf8 23. Nb5 d5 24. Bd2 Bb4 25. Bxb4 Qxb4 26. exd5 exd5 27. Rd2 Qa5 28.
Rxd5 Nf6 29. Rxd8+ Rxd8 30. Qa1 Nd5 31. Nd6 Qb6 32. Ne8 f6 33. cxd5 Qb5+ 34.
Kf2 Rxe8 35. Rxe8+ Qxe8 36. Qxf6 Qb5 37. Qe6+ Kg7 38. d6 Qd3 39. d7 Qd2+ 40.
Kg1 Kh6 41. Qf7 Qd1+ 42. Kg2 Kh5 43. Qxh7+ Kg5 44. Qh4+ 1-0

[Event "L.Rudenko Memorial 2011"]
[Site "St. Petersburg"]
[Date "2011.08.23"]
[Round "1"]
[White "Doluhanova, Evgeniya"]
[Black "Botalova, Yulia"]
[Result "1-0"]
[WhiteElo "2227"]
[BlackElo "1969"]
[PlyCount "93"]
[EventDate "2011.08.23"]

1. e4 e6 2. d4 d5 3. Nc3 Nf6 4. exd5 exd5 5. Bd3 Bd6 6. Bg5 c6 7. Qf3 Be7 8. h3
b6 9. Nge2 Ba6 10. Ng3 Bxd3 11. Qxd3 g6 12. O-O-O O-O 13. Rde1 Re8 14. Re2 Qd6
15. Qf3 Nbd7 16. a3 Bd8 17. Rhe1 Bc7 18. h4 Rxe2 19. Ngxe2 Qe6 20. g3 Re8 21.
Rh1 Ne4 22. Nxe4 Qxe4 23. Qxe4 Rxe4 24. Kd2 Kg7 25. Kd3 b5 26. b3 Nb6 27. Bd2
Re8 28. Ba5 Na8 29. Bb4 Nb6 30. Ba5 Na8 31. Bc3 Bd6 32. Ra1 Nb6 33. Bb4 Bb8 34.
Bc5 Nd7 35. a4 Nxc5+ 36. dxc5 b4 37. Nd4 Rc8 38. a5 Be5 39. Ra4 Bxd4 40. Kxd4
Re8 41. f3 Re1 42. Rxb4 Ra1 43. Ke5 Rxa5 44. Kd6 Ra2 45. Kxc6 Rxc2 46. Kxd5 Rc3
47. c6 1-0

[Event "L.Rudenko Memorial 2011"]
[Site "St. Petersburg"]
[Date "2011.08.23"]
[Round "1"]
[White "Katyshkina, Anastasia"]
[Black "Baraeva, Irina"]
[Result "1-0"]
[WhiteElo "1936"]
[BlackElo "2204"]
[PlyCount "75"]
[EventDate "2011.08.23"]

1. e4 e6 2. b3 d5 3. Bb2 dxe4 4. Nc3 Nf6 5. g4 h6 6. Bg2 Be7 7. Nxe4 Nc6 8. h3
O-O 9. Ne2 Nd5 10. O-O f5 11. gxf5 exf5 12. N4c3 Be6 13. Nxd5 Bxd5 14. Nf4 Bxg2
15. Kxg2 Bg5 16. Qf3 Qd7 17. Rae1 Rae8 18. Ng6 Rf7 19. d4 Kh7 20. Ne5 Nxe5 21.
dxe5 c6 22. Rd1 Qc8 23. Rfe1 f4 24. Rd6 Be7 25. Rd4 Ref8 26. e6 Rf6 27. Rd7
Rg6+ 28. Kh2 Qe8 29. Rxb7 a5 30. Qe4 Bf6 31. Ba3 Rg8 32. Rg1 Bg5 33. Re1 Kh8
34. Bd6 Bh4 35. Rb8 Bd8 36. e7 Rxd6 37. exd8=Q Rxd8 38. Qxe8 1-0

[Event "L.Rudenko Memorial 2011"]
[Site "St. Petersburg"]
[Date "2011.08.23"]
[Round "1"]
[White "Baraeva, Marina"]
[Black "Butneva, Larisa"]
[Result "1-0"]
[WhiteElo "2197"]
[BlackElo "1868"]
[PlyCount "93"]
[EventDate "2011.08.23"]

1. d4 Nf6 2. c4 e6 3. g3 d5 4. Nf3 Bb4+ 5. Bd2 c5 6. Bxb4 cxb4 7. Bg2 O-O 8.
Nbd2 Nc6 9. O-O b6 10. Rc1 Bb7 11. e3 a5 12. cxd5 exd5 13. Qa4 Qe8 14. Qb5 Ra6
15. Rc2 Ne7 16. Qxe8 Rxe8 17. Rc7 Bc8 18. Rfc1 Ra8 19. Ne5 Be6 20. Ndc4 Nc8 21.
Nd2 Re7 22. R7c6 h6 23. Ndf3 Rb8 24. R6c2 Re8 25. Nc6 Rb7 26. Nfe5 Nd6 27. Bf1
Bf5 28. Bd3 Bxd3 29. Nxd3 Nc4 30. Nf4 Nd6 31. Ne5 Rbb8 32. h4 Rbc8 33. Nc6 Kf8
34. Kg2 g5 35. hxg5 hxg5 36. Nd3 Ng4 37. Kf3 f5 38. Nde5 Nxe5+ 39. Nxe5 Rxc2
40. Rxc2 Rc8 41. Rxc8+ Nxc8 42. g4 Ke7 43. gxf5 Nd6 44. Kg4 Nc4 45. b3 Nd2 46.
Kxg5 Ne4+ 47. Kg6 1-0

[Event "L.Rudenko Memorial 2011"]
[Site "St. Petersburg"]
[Date "2011.08.23"]
[Round "1"]
[White "Vronskaya, Anna"]
[Black "Shulakova, Svetlana"]
[Result "0-1"]
[WhiteElo "1864"]
[BlackElo "2177"]
[PlyCount "90"]
[EventDate "2011.08.23"]

1. d4 d5 2. c4 c6 3. Nc3 Nf6 4. e3 e6 5. Nf3 Nbd7 6. Bd3 dxc4 7. Bxc4 b5 8. Bd3
Bb7 9. e4 b4 10. Ne2 c5 11. e5 Nd5 12. O-O Be7 13. Be4 O-O 14. Nf4 Nxf4 15.
Bxb7 Rb8 16. Be4 Ng6 17. Be3 cxd4 18. Bxd4 Nc5 19. Qc2 Rc8 20. Rad1 Qa5 21. Qe2
Nxe4 22. Qxe4 Bc5 23. a3 Bxd4 24. Rxd4 bxa3 25. bxa3 Rc5 26. Ra4 Qc7 27. Re1
Rd8 28. Rd4 Rxd4 29. Qxd4 h6 30. h3 Rd5 31. Qe3 Qa5 32. h4 Rc5 33. h5 Ne7 34.
Ra1 Rc3 35. Qd2 Nd5 36. Qb2 Qc7 37. Rd1 Rc2 38. Qb3 Rc3 39. Qa4 Kh7 40. Qe4+
Kg8 41. Qa4 Qe7 42. Ra1 Qc7 43. Kh2 Rxf3 44. gxf3 Qxe5+ 45. Kg2 Nf4+ 0-1

[Event "L.Rudenko Memorial 2011"]
[Site "St. Petersburg"]
[Date "2011.08.23"]
[Round "1"]
[White "Travkina, Anastasia"]
[Black "Maidanova, Irina"]
[Result "1-0"]
[WhiteElo "2176"]
[BlackElo "1861"]
[PlyCount "65"]
[EventDate "2011.08.23"]

1. e4 c5 2. c3 Nf6 3. e5 Nd5 4. Nf3 d6 5. exd6 e6 6. Na3 a6 7. Nc4 b5 8. Nce5
Bxd6 9. d4 cxd4 10. cxd4 O-O 11. Be2 Bb7 12. O-O Nc6 13. Re1 Qc7 14. Bd3 Ncb4
15. Bb1 Rac8 16. Bd2 Nf6 17. a4 Nc2 18. Ba5 Qxa5 19. Bxc2 Rfd8 20. Qb1 Qb4 21.
Nxf7 Kxf7 22. Ng5+ Kg8 23. Bxh7+ Kf8 24. Nxe6+ Ke7 25. Nc5+ Kf8 26. Nxb7 Qd2
27. Nxd8 Bxh2+ 28. Kxh2 Ng4+ 29. Kg3 Qxf2+ 30. Kxg4 Qxg2+ 31. Kf4 Qh2+ 32. Ke3
Qg3+ 33. Kd2 1-0

[Event "L.Rudenko Memorial 2011"]
[Site "St. Petersburg"]
[Date "2011.08.23"]
[Round "1"]
[White "Kiseleva, Arina"]
[Black "Butuc, Maria"]
[Result "0-1"]
[WhiteElo "1846"]
[BlackElo "2172"]
[PlyCount "58"]
[EventDate "2011.08.23"]

1. d4 d5 2. c4 c6 3. Nf3 Nf6 4. Qc2 dxc4 5. Qxc4 Bf5 6. Qb3 Qb6 7. Nbd2 Nbd7 8.
e3 e6 9. Bc4 Be7 10. O-O O-O 11. Nh4 Qxb3 12. Nxb3 Be4 13. Nf3 Rac8 14. Nbd2
Bg6 15. b3 c5 16. Ba3 Rfe8 17. Rac1 cxd4 18. Bxe7 dxe3 19. Bb4 exd2 20. Bxd2 a6
21. Be2 Ne4 22. Bb4 Bh5 23. h3 Ndf6 24. g4 Nd5 25. Bd3 Bg6 26. Rxc8 Rxc8 27.
Ne5 Ng5 28. Nxg6 hxg6 29. Bd2 Nf3+ 0-1

[Event "L.Rudenko Memorial 2011"]
[Site "St. Petersburg"]
[Date "2011.08.23"]
[Round "1"]
[White "Bivol, Alina"]
[Black "Chernyak, Viktoria"]
[Result "1-0"]
[WhiteElo "2171"]
[BlackElo "1768"]
[PlyCount "149"]
[EventDate "2011.08.23"]

1. e4 c5 2. c3 e6 3. d4 cxd4 4. cxd4 Nf6 5. Nc3 d6 6. f4 Be7 7. Nf3 O-O 8. Bd3
Nc6 9. O-O b6 10. e5 Nd5 11. Nxd5 exd5 12. Bxh7+ Kxh7 13. Qc2+ Kg8 14. Qxc6 Ba6
15. Re1 dxe5 16. Rxe5 Bf6 17. Rxd5 Qe7 18. Bd2 Bb7 19. Qd7 Bxd5 20. Qxd5 Rfd8
21. Qc4 Rac8 22. Qd3 Qd6 23. Be3 Qd5 24. Bf2 Rc7 25. g4 Rdc8 26. g5 Be7 27. Qe3
Bd6 28. g6 f6 29. Nh4 Kf8 30. Rf1 Re8 31. Qh3 Qh5 32. Bg3 Re3 33. Qf5 Qe2 34.
Qd5 Rd7 35. Nf5 Rd3 36. Nxd6 Qe7 37. Qc4 Rxg3+ 38. hxg3 Qxd6 39. Rc1 f5 40. Kg2
Qxg6 41. Re1 Qf6 42. Re5 g6 43. d5 Qd6 44. Kf3 Kf7 45. Qc8 Rd8 46. Qb7+ Rd7 47.
Qa8 Re7 48. Qh8 Rxe5 49. Qxe5 Qc5 50. Qe6+ Kg7 51. Qc6 Qg1 52. Qc3+ Kf7 53.
Qc7+ Kf6 54. Qe5+ Kf7 55. Qc7+ Kf6 56. d6 Qf1+ 57. Ke3 Qg1+ 58. Kd2 Qf2+ 59.
Kc1 Qe1+ 60. Kc2 Qe2+ 61. Kc3 Qe3+ 62. Kb4 Qd4+ 63. Ka3 Qd3+ 64. b3 Qa6+ 65.
Kb4 Qa5+ 66. Kc4 Qa6+ 67. Kd4 Qe2 68. Qe7+ Qxe7 69. dxe7 Kxe7 70. Ke5 a6 71. a3
Kf7 72. Kd6 g5 73. Ke5 gxf4 74. gxf4 Kg6 75. Ke6 1-0

[Event "L.Rudenko Memorial 2011"]
[Site "St. Petersburg"]
[Date "2011.08.23"]
[Round "1"]
[White "Tskhadadze, Anna"]
[Black "Balaian, Alina"]
[Result "0-1"]
[WhiteElo "1761"]
[BlackElo "2163"]
[PlyCount "150"]
[EventDate "2011.08.23"]

1. Nf3 Nf6 2. g3 g6 3. Bg2 Bg7 4. d4 d6 5. O-O O-O 6. c4 Nc6 7. Nc3 a6 8. e4
Bd7 9. Be3 Ng4 10. Qd2 Nxe3 11. fxe3 Rb8 12. Rf2 b5 13. cxb5 axb5 14. Raf1 b4
15. Nd5 e6 16. Nf4 b3 17. a3 Qc8 18. Nd3 Qa6 19. Qc3 Na5 20. Nb4 Qa7 21. Qc1
Bh6 22. Re1 Bb5 23. Bf1 Bxf1 24. Rfxf1 c5 25. dxc5 Qxc5 26. Qxc5 dxc5 27. Nd3
Nc4 28. Kf2 Rfd8 29. Nxc5 Rb5 30. Na4 Ra5 31. Nc3 Nxb2 32. Rb1 Nd3+ 33. Ke2 b2
34. Nd4 Nc1+ 35. Kf3 Rxa3 36. Ndb5 Rb3 37. Rf2 Rd3 38. Rbxb2 Rxe3+ 39. Kg2
Rexc3 40. Nxc3 Rxc3 41. Rb8+ Bf8 42. Rb7 f5 43. exf5 gxf5 44. Rd2 Nd3 45. Ra2
Rc2+ 46. Rxc2 Ne1+ 47. Kf2 Nxc2 48. Kf3 Bh6 49. Rd7 e5 50. Re7 Nd4+ 51. Kf2 Bg7
52. Ke3 h5 53. Kd3 Kh7 54. Ra7 Kg6 55. h4 Nf3 56. Ra6+ Bf6 57. Ke3 Nh2 58. Rb6
Ng4+ 59. Kf3 Kf7 60. Rb7+ Be7 61. Rb6 Nf6 62. Ra6 Bc5 63. Rc6 Bd4 64. Ra6 Nd5
65. Rd6 e4+ 66. Ke2 Nc3+ 67. Kf1 Be5 68. Rh6 Bxg3 69. Rxh5 Kf6 70. Rh6+ Ke5 71.
Rc6 Kd4 72. h5 e3 73. Re6 e2+ 74. Rxe2 Nxe2 75. Kxe2 Ke4 0-1

[Event "L.Rudenko Memorial 2011"]
[Site "St. Petersburg"]
[Date "2011.08.23"]
[Round "1"]
[White "Kindinova, Ekaterina"]
[Black "Gudkina, Zhanna"]
[Result "1-0"]
[WhiteElo "2159"]
[BlackElo "1759"]
[PlyCount "91"]
[EventDate "2011.08.23"]

1. e4 e5 2. Bc4 Nf6 3. d3 Bc5 4. Nf3 d6 5. c3 Bb6 6. O-O O-O 7. h3 Be6 8. Nbd2
Nc6 9. Re1 h6 10. Bb3 Qd7 11. Nf1 Rae8 12. Ng3 Bxh3 13. gxh3 Qxh3 14. Be3 Ne7
15. Bxb6 axb6 16. Nh2 Ng6 17. Re3 Nf4 18. Qf1 Ng4 19. Nxg4 Qxg4 20. Qd1 Qg5 21.
Qf3 Kh8 22. Kf1 d5 23. Bxd5 Nxd5 24. exd5 f5 25. Ne2 e4 26. Qg3 exd3 27. Rxd3
Qh5 28. Qf3 Qf7 29. Rad1 Re7 30. Nd4 g6 31. Ne6 Rfe8 32. Qf4 g5 33. Qh2 Qg6 34.
Nxc7 Rd8 35. Ne6 Rde8 36. Nc7 Rd8 37. d6 Red7 38. Nb5 Re8 39. a4 Kh7 40. Nc7
Re4 41. Rd4 Rxd4 42. Rxd4 f4 43. Qh3 Qf7 44. Ne6 Kg6 45. Nf8+ Qxf8 46. Qxd7 1-0

[Event "L.Rudenko Memorial 2011"]
[Site "St. Petersburg"]
[Date "2011.08.23"]
[Round "1"]
[White "Sundukova, Ksenia"]
[Black "Shaydullina, Sandugach"]
[Result "0-1"]
[WhiteElo "1755"]
[BlackElo "2158"]
[PlyCount "108"]
[EventDate "2011.08.23"]

1. e4 c5 2. Nf3 d6 3. d4 Nf6 4. Bd3 cxd4 5. Nxd4 e5 6. Nb3 h6 7. Nc3 Nc6 8. O-O
Be7 9. Be3 O-O 10. h3 a5 11. a3 Be6 12. Nd2 d5 13. exd5 Nxd5 14. Nxd5 Bxd5 15.
Bc4 a4 16. Bxd5 Qxd5 17. Qe2 Rac8 18. Rfc1 Rfd8 19. Rab1 Bg5 20. Bxg5 hxg5 21.
Nf1 Nd4 22. Qg4 f5 23. Qh5 Qf7 24. Qxf7+ Kxf7 25. Re1 Rxc2 26. Rxe5 g6 27. Ne3
Re2 28. Rd5 Rxd5 29. Nxd5 b5 30. Nc3 Rc2 31. Kf1 Ke6 32. Ke1 Ke5 33. Kf1 Kd6
34. Nd1 Rd2 35. Ke1 Re2+ 36. Kf1 Rd2 37. Ke1 Nb3 38. Ne3 f4 39. Ng4 Ke6 40. Nh2
Kf5 41. Nf3 Rc2 42. Nh2 Nd4 43. Ng4 Ke4 44. Nf6+ Kd3 45. Rd1+ Kc4 46. Rd2 f3
47. Rxc2+ Nxc2+ 48. Kf1 fxg2+ 49. Kxg2 Kb3 50. Ne4 Kxb2 51. Nd6 Nd4 52. f3 Kxa3
53. Kf2 Kb2 54. Ke3 Nf5+ 0-1

[Event "L.Rudenko Memorial 2011"]
[Site "St. Petersburg"]
[Date "2011.08.23"]
[Round "1"]
[White "Goryachkina, Aleksandra"]
[Black "Yusupova, Lilia"]
[Result "1-0"]
[WhiteElo "2153"]
[BlackElo "1672"]
[PlyCount "57"]
[EventDate "2011.08.23"]

1. Nf3 Nf6 2. g3 d5 3. Bg2 Nc6 4. d4 Bg4 5. Ne5 Bh5 6. c4 e6 7. Qa4 Bd6 8. Nc3
Bxe5 9. dxe5 Nd7 10. cxd5 Nb6 11. Qb5 a6 12. Qb3 exd5 13. Nxd5 Nd4 14. Qc3 Nb5
15. Qd2 Nxd5 16. Bxd5 c6 17. Be4 O-O 18. Qxd8 Raxd8 19. f4 Rfe8 20. Bd3 Nd4 21.
Kf2 f6 22. e3 Ne6 23. Bc4 fxe5 24. f5 Bf7 25. fxe6 Bxe6 26. Bxe6+ Rxe6 27. e4
c5 28. Be3 b6 29. Rhf1 1-0

[Event "L.Rudenko Memorial 2011"]
[Site "St. Petersburg"]
[Date "2011.08.23"]
[Round "1"]
[White "Petrochenko, Maria"]
[Black "Korchagina, Viktoria"]
[Result "0-1"]
[WhiteElo "1491"]
[BlackElo "2109"]
[PlyCount "64"]
[EventDate "2011.08.23"]

1. d4 Nf6 2. c4 g6 3. Nc3 Bg7 4. e4 d6 5. h3 O-O 6. Bg5 Nbd7 7. Nf3 e5 8. d5 a5
9. Bd3 c6 10. O-O cxd5 11. exd5 Nc5 12. Bc2 Qb6 13. Rb1 Bd7 14. Re1 Rac8 15. b3
Rfe8 16. Nd2 Nh5 17. Nde4 Nxe4 18. Nxe4 f5 19. Nc3 e4 20. Be3 Qd8 21. Bd4 Bxd4
22. Qxd4 Qg5 23. Kh1 Nf4 24. Rg1 Qh4 25. Qe3 Nh5 26. Qe2 e3 27. Rgf1 Qf6 28.
Nb5 Bxb5 29. cxb5 exf2 30. Qxf2 Re2 31. Qf3 Rcxc2 32. Rg1 Qe5 0-1

[Event "L.Rudenko Memorial 2011"]
[Site "St. Petersburg"]
[Date "2011.08.24"]
[Round "2"]
[White "Balaian, Alina"]
[Black "Romanko, Marina"]
[Result "0-1"]
[WhiteElo "2163"]
[BlackElo "2402"]
[PlyCount "80"]
[EventDate "2011.08.23"]

1. e4 c6 2. d4 d5 3. exd5 cxd5 4. c4 e6 5. Nc3 Nf6 6. Nf3 Bb4 7. cxd5 Nxd5 8.
Bd2 Nc6 9. Bd3 Be7 10. O-O O-O 11. Qe2 Nf6 12. Ne4 Bd7 13. Rfd1 Rc8 14. Ne5
Nxe4 15. Qxe4 f5 16. Qe3 Nxe5 17. dxe5 Bc5 18. Qg3 Qb6 19. Bc3 Bb5 20. Bc2 Rcd8
21. Qh4 a5 22. b4 Rxd1+ 23. Rxd1 axb4 24. Bxb4 Bc6 25. a3 Bd5 26. Rb1 Rc8 27.
Bd3 h6 28. h3 Qc7 29. Qg3 f4 30. Qg6 Bxb4 31. Qh7+ Kf8 32. Bg6 Bc3 33. Qh8+ Ke7
34. Qxg7+ Kd8 35. Qf8+ Kd7 36. Qf7+ Kc6 37. Qxf4 Qxe5 38. Be8+ Kc7 39. Qf7+ Kb8
40. Bd7 Qe4 0-1

[Event "L.Rudenko Memorial 2011"]
[Site "St. Petersburg"]
[Date "2011.08.24"]
[Round "2"]
[White "Kindinova, Ekaterina"]
[Black "Molchanova, Tatjana"]
[Result "0-1"]
[WhiteElo "2159"]
[BlackElo "2346"]
[PlyCount "68"]
[EventDate "2011.08.23"]

1. e4 c6 2. d4 d5 3. e5 Bf5 4. c4 e6 5. Nc3 Ne7 6. b3 Na6 7. Be3 Bg6 8. Nf3 Nf5
9. Bc1 Nb4 10. a3 Nc2+ 11. Qxc2 Nxd4 12. Nxd4 Bxc2 13. Nxc2 d4 14. Ne4 d3 15.
Bg5 Qa5+ 16. b4 Qxe5 17. Bxd3 f6 18. Be3 O-O-O 19. f4 Qb2 20. Ke2 Rxd3 21. Kxd3
Qb3+ 22. Kd2 Qxc4 23. Nf2 Be7 24. Rac1 Rd8+ 25. Ke1 e5 26. fxe5 fxe5 27. Nd4
Bxb4+ 28. axb4 Qxb4+ 29. Bd2 Qxd4 30. Rc2 e4 31. Ke2 Qe5 32. Rc3 Qb5+ 33. Ke1
Qb2 34. Nxe4 Qb1+ 0-1

[Event "L.Rudenko Memorial 2011"]
[Site "St. Petersburg"]
[Date "2011.08.24"]
[Round "2"]
[White "Shaydullina, Sandugach"]
[Black "Severiukhina, Zoja"]
[Result "1-0"]
[WhiteElo "2158"]
[BlackElo "2270"]
[PlyCount "95"]
[EventDate "2011.08.23"]

1. d4 Nf6 2. c4 g6 3. Nf3 Bg7 4. g3 O-O 5. Bg2 c5 6. O-O d6 7. Nc3 Nc6 8. dxc5
dxc5 9. Be3 Qa5 10. Qa4 Qxa4 11. Nxa4 b6 12. Rad1 Bf5 13. Nc3 Rac8 14. Nh4 Bd7
15. Bg5 Rfd8 16. Nd5 h6 17. Nxf6+ exf6 18. Bd2 Bg4 19. Rfe1 Nd4 20. Nf3 Nc2 21.
Rf1 f5 22. h3 Bh5 23. b3 Re8 24. e3 Rcd8 25. Kh2 Rd3 26. Bc1 Red8 27. Rxd3 Rxd3
28. Rg1 Nb4 29. Nh4 Nxa2 30. g4 fxg4 31. hxg4 Bxg4 32. Be4 Rxb3 33. Rxg4 Nxc1
34. Bd5 Kf8 35. Rf4 Be5 36. Nxg6+ Kg7 37. Nxe5 f6 38. Nd7 h5 39. Nxf6 Nd3 40.
Ne8+ Kh6 41. Rf6+ Kg5 42. Kg2 a5 43. Rf7 a4 44. Nd6 a3 45. f4+ Kh6 46. Nf5+ Kg6
47. Nh4+ Kh6 48. Be4 1-0

[Event "L.Rudenko Memorial 2011"]
[Site "St. Petersburg"]
[Date "2011.08.24"]
[Round "2"]
[White "Goryachkina, Aleksandra"]
[Black "Stjazhkina, Olga"]
[Result "1-0"]
[WhiteElo "2153"]
[BlackElo "2247"]
[PlyCount "57"]
[EventDate "2011.08.23"]

1. d4 d5 2. c4 dxc4 3. Nf3 a6 4. e3 Bg4 5. Bxc4 e6 6. h3 Bh5 7. Nc3 Nf6 8. g4
Bg6 9. Ne5 Nbd7 10. Nxg6 hxg6 11. g5 Ng8 12. e4 c5 13. d5 Nb6 14. b3 exd5 15.
Nxd5 Bd6 16. Bb2 Rh4 17. Qe2 Ne7 18. Nxb6 Qxb6 19. e5 Qb4+ 20. Kf1 Bc7 21. e6
O-O-O 22. exf7 Nf5 23. a3 Qb6 24. Be6+ Kb8 25. Bxf5 gxf5 26. Rd1 Qc6 27. Rxd8+
Bxd8 28. Rg1 Qd6 29. Be5 1-0

[Event "L.Rudenko Memorial 2011"]
[Site "St. Petersburg"]
[Date "2011.08.24"]
[Round "2"]
[White "Korchagina, Viktoria"]
[Black "Doluhanova, Evgeniya"]
[Result "0-1"]
[WhiteElo "2109"]
[BlackElo "2227"]
[PlyCount "94"]
[EventDate "2011.08.23"]

1. e4 c5 2. Nf3 d6 3. d4 cxd4 4. Nxd4 Nf6 5. Nc3 a6 6. Be2 e5 7. Nb3 Be6 8. f4
Qc7 9. g4 exf4 10. g5 f3 11. gxf6 fxe2 12. Qxe2 Nd7 13. Nd5 Bxd5 14. exd5+ Ne5
15. Bg5 h6 16. Bh4 Qc4 17. Qxc4 Nxc4 18. O-O-O gxf6 19. Rhe1+ Kd7 20. Re4 b5
21. Bxf6 Rg8 22. Nd4 Rg2 23. Nf3 Re8 24. Rxe8 Kxe8 25. Bd4 h5 26. Re1+ Kd7 27.
b3 Bh6+ 28. Kd1 Na3 29. Bf6 Nxc2 30. Re7+ Kc8 31. Rxf7 Ne3+ 32. Ke1 Nxd5 33. a4
bxa4 34. bxa4 Be3 35. h4 Rg4 36. Rf8+ Kb7 37. Bg5 Bc5 38. Rh8 Nf4 39. Rh7+ Kc6
40. Rh6 Kd5 41. Bxf4 Rxf4 42. Rxh5+ Ke4 43. Nd2+ Ke3 44. Nf1+ Kd3 45. Rd5+ Kc3
46. Rh5 Re4+ 47. Kd1 Bf2 0-1

[Event "L.Rudenko Memorial 2011"]
[Site "St. Petersburg"]
[Date "2011.08.24"]
[Round "2"]
[White "Kostrikina, Anna"]
[Black "Baraeva, Marina"]
[Result "1-0"]
[WhiteElo "2079"]
[BlackElo "2197"]
[PlyCount "54"]
[EventDate "2011.08.23"]

1. e4 e6 2. d4 d5 3. Nd2 c5 4. exd5 Qxd5 5. Ngf3 cxd4 6. Bc4 Qd6 7. O-O Nf6 8.
Nb3 Nc6 9. Nbxd4 Nxd4 10. Nxd4 a6 11. Re1 Qc7 12. Qe2 Bd6 13. Bg5 Bd7 14. Bxe6
fxe6 15. Nxe6 Bxe6 16. Qxe6+ Be7 17. Rad1 Ng8 18. Rd4 Rd8 19. Rf4 Qd6 20. Qf7+
Kd7 21. Qxg7 Qg6 22. Rxe7+ Nxe7 23. Qxe7+ Kc8 24. Rc4+ Kb8 25. Qc7+ Ka8 26.
Bxd8 Re8 27. Qc8+ Ka7 1-0